| 000 | 01143nam a2200313Ia 4500 | ||
|---|---|---|---|
| 001 | ebr10131904 | ||
| 003 | CaPaEBR | ||
| 006 | m u | ||
| 007 | cr cn||||||||| | ||
| 008 | 040913s2005 caua s 001 0 eng d | ||
| 010 | _z 2004113403 | ||
| 020 | _z0782150527 | ||
| 020 | _z0782143881 | ||
| 040 |
_aCaPaEBR _cCaPaEBR |
||
| 035 | _a(OCoLC)57419448 | ||
| 050 | 1 | 4 |
_aQA76.76.O63 _bB68635 2005eb |
| 082 | 0 | 4 |
_a005.4/46 _222 |
| 100 | 1 |
_aBoyce, Jim, _d1958- |
|
| 245 | 1 | 0 |
_aMicrosoft Windows XP power productivity _h[electronic resource] / _cJim Boyce. |
| 260 |
_aSan Francisco : _bSybex, _cc2005. |
||
| 300 |
_axv, 637 p. : _bill. |
||
| 500 | _aIncludes index. | ||
| 533 |
_aElectronic reproduction. _bPalo Alto, Calif. : _cebrary, _d2007. _nAvailable via World Wide Web. _nAccess may be limited to ebrary affiliated libraries. |
||
| 630 | 0 | 0 | _aMicrosoft Windows (Computer file) |
| 650 | 0 | _aOperating systems (Computers) | |
| 655 | 7 |
_aElectronic books. _2local |
|
| 710 | 2 | _aebrary, Inc. | |
| 856 | 4 | 0 |
_uhttp://site.ebrary.com/lib/rucke/Doc?id=10131904 _zAn electronic book accessible through the World Wide Web; click to view |
| 999 |
_c183429 _d183429 |
||